| 000 | 00498cam a2200181ua 4500 | ||
|---|---|---|---|
| 020 | _c35.00 | ||
| 041 |
_amal _h |
||
| 082 |
_a028.73494 _bSRI/SA |
||
| 100 | _aPadmanabha Pillai, Srikanteswaram G . | ||
| 245 |
_aSabdataravali / _cSrikanteswaram G Padmanabha Pillai. _hTextual Documents |
||
| 250 |
_a5 / _b. |
||
| 260 |
_aKottayam : _bSahitya Pravarthaka Co-operative Society , _c1964. |
||
| 300 | _a1454 ; . | ||
| 365 | _a35.00 | ||
| 504 | _a | ||
| 942 | _cBK | ||
| 999 |
_c10217 _d10217 |
||